000
00325nam a2200133Ia 4500
008
190216s9999||||xx |||||||||||||| ||und||
100
_a
Arthur W Adamson
245
0
_a
Physical Chemistry Of Surfaces
250
_a
4th Ed.
260
_b
John Wiley & Sons
_c
1982
300
_a
664
650
_a
Chemistry-Chemistry
942
_c
BK
999
_c
2476
_d
2476